000
00330nam a2200133Ia 4500
008
191201s1975 xx 000 0 und d
100
_a
CRISPIN, F S
245
0
_a
Dictionary of Technical Terms
250
_a
11th
260
_a
N.Delhi
_b
Oxford Universty Press
_c
1975
300
_a
455
650
_a
General Books
942
_2
ddc
_c
BK
999
_c
2402
_d
2402